000
00333nam a2200133Ia 4500
008
240112s1973 JULY xx 000 0 und d
041
_a
eng
082
_a
618.05
100
_a
FARBER S.J.
245
_a
AMERICAN JOU. OF MEDICAL SCIENCE
260
_b
CHARLES B. SLACK INS.PUB.
_c
1973 JULY
300
_a
476,HB
440
_v
266
999
_c
1142004
_d
1142004